Disfunciones estructurales en el núcleo familiar
Guardado en:
| Autor Corporativo: | |
|---|---|
| Formato: | Libro |
| Lenguaje: | español |
| Publicado: |
Ciudad de México
Trillas
1998
|
| Colección: | Serie Escuela para Padres
|
| Materias: | |
| Etiquetas: |
Agregar Etiqueta
Sin Etiquetas, Sea el primero en etiquetar este registro!
|
MARC
| LEADER | 00000nam a2200000 a 4500 | ||
|---|---|---|---|
| 001 | UCP6087 | ||
| 003 | CL-VaPUC | ||
| 008 | 991008e19980000MX |||||||||||||||||spa|d | ||
| 082 | 0 | 4 | |a 306.85 |b ENL |2 21 |
| 110 | 2 | |a En la Comunidad Encuentro |e author |9 434916 | |
| 245 | 1 | 0 | |a Disfunciones estructurales en el núcleo familiar |
| 300 | |a 120 p | ||
| 942 | |c BK | ||
| 945 | |d 19991008 00:00:00 |a rbrito | ||
| 260 | |a Ciudad de México |b Trillas |c 1998 | ||
| 650 | 0 | |a Familias |9 255641 | |
| 650 | 0 | |a Vida familiar |9 308049 | |
| 650 | 0 | |a Educación en el hogar |9 307975 | |
| 650 | 0 | |a Peternidad |9 254922 | |
| 650 | 0 | |a Madres solteras |9 328348 | |
| 650 | 0 | |a Maltrato infantil |9 324690 | |
| 650 | 0 | |a Violencia intrafamiliar |9 312986 | |
| 583 | |a last modification |c 19991008 00:00:00 |k Rodrigo Vera | ||
| 490 | 0 | |a Serie Escuela para Padres | |
| 999 | |c 283711 |d 283709 | ||
| 952 | |0 0 |1 0 |4 0 |6 306_850000000000000_ENL_1998 |7 0 |8 A |9 327117 |a BIBEDU |b BIBEDU |d 2019-11-20 |i 3567427 |o 306.85 ENL 1998 |p 3567427 |r 2019-11-20 |w 2019-11-20 |y BK |k EPE | ||